| 000 | 01605nam a22004097a 4500 | ||
|---|---|---|---|
| 003 | CHAP | ||
| 005 | 20220329140329.0 | ||
| 008 | 971013s1977 r 00010 d | ||
| 010 | _a50507 | ||
| 011 | _a51479 | ||
| 035 | _a55629 | ||
| 040 | _cCHAP | ||
| 090 | _aTesis | ||
| 100 | 0 | 0 |
_aValentín Frey, Guillermo Federico. _9117469 |
| 245 |
_aEstudio de adaptación comparativa de cinco especies de cereales de grano pequeño _b: avena (Avena sativa L.), cebada (Hordeum vulgare L.) centeno (Secale cereale L.), trigo (Triticum aestivum L.) y triticale (Triticale hexaploide) en Apodaca, N.L., dur |
||
| 260 |
_a(Monterrey, N.L.) : _bEl autor, _c1977 |
||
| 300 | _a32 h. | ||
| 502 | _aTesis (Ing. Agrónomo en Producción Agropecuaria) -- ITESM. Div. de Ciencias Agropecuarias y Marítimas | ||
| 590 |
_aALEPH _b10 _c20130110 _lUCH01 _h1325 |
||
| 590 |
_aBATCH-UPD _b10 _c20130110 _lUCH01 _h0313 |
||
| 590 |
_aBATCH-UPD _b10 _c20130110 _lUCH01 _h1413 |
||
| 590 |
_aBATCH-UPD _b10 _c20130409 _lUCH01 _h2346 |
||
| 590 |
_aBATCH-UPD _b10 _c20130913 _lUCH01 _h1927 |
||
| 590 |
_aCONVERSION _b10 _c20130109 _lUCH01 _h1327 |
||
| 650 | 1 | 4 |
_aAdaptación vegetal. _9880 |
| 650 | 1 | 4 |
_aAvena _xRendimiento. _98539 |
| 650 | 1 | 4 |
_aCebada _xRendimiento. _920707 |
| 650 | 1 | 4 |
_aCenteno _xRendimiento. _921005 |
| 650 | 1 | 4 |
_aCultivos _xNuevo León. _930302 |
| 650 | 1 | 4 |
_aEcología vegetal. _935188 |
| 650 | 1 | 4 |
_aPlantas _xEfecto del medio ambiente. _988821 |
| 650 | 1 | 4 |
_aTrigo _xRendimiento. _9115092 |
| 650 | 1 | 4 |
_aTriticale _xRendimiento. _9115225 |
| 901 | _aBK | ||
| 942 | _cTESIS | ||
| 949 |
_bBC _cTES _d-121939 _eTS1 _i55629 _si |
||
| 999 |
_c50507 _d50507 |
||